Loading...
| Religion | 0 | 6 | 0 | 1 | 60 | 46 | 74.00 | 4 | 6 | 21.12 | 41.03 |
| Philosophy | 0 | 5 | 1 | 0 | 45 | 25 | 43.40 | 5 | 5 | 25.56 | 38.46 |
| Fine Arts - Other | 0 | 2 | 0 | 0 | 20 | 63 | 73.50 | 1 | 2 | 6.85 | 14.10 |
| Social Science | 0 | 2 | 0 | 0 | 20 | 54 | 64.00 | 2 | 2 | 7.65 | 14.10 |
| Fine Arts - Painting and Sculpture | 0 | 2 | 1 | 1 | 15 | 132 | 137.00 | 0 | 1 | 0.54 | 7.69 |
| Other Academic | 0 | 1 | 0 | 1 | 10 | 133 | 133.00 | 0 | 0 | 0.74 | 11.11 |
| Geography | 0 | 1 | 0 | 1 | 10 | 126 | 126.00 | 0 | 0 | 0.00 | 4.17 |
| Literature - American | 0 | 1 | 0 | 0 | 10 | 25 | 25.00 | 1 | 1 | 6.38 | 7.69 |
| Science - Biology | 0 | 1 | 0 | 0 | 10 | 69 | 69.00 | 0 | 0 | 3.00 | 3.85 |
| Science - Other | 0 | 1 | 0 | 0 | 10 | 23 | 23.00 | 0 | 1 | 6.21 | 6.41 |
| Fine Arts - Classical Music | 0 | 1 | 1 | 0 | 5 | 75 | 75.00 | 1 | 1 | 3.54 | 7.69 |
| History - European | 0 | 0 | 1 | 0 | -5 | 0.00 | 0 | 0 | 0.00 | 0.00 |